000 01075cam a22002771 4500
001 23281
003 BD-RjUL
005 20211209000919.0
008 140310s1962 xx 001 0 eng
035 _a(BD-RjUL)23346
035 _a(OCoLC)1329303
040 _aDLC
_cFO
_dOCoLC
_dUk
_dDLC
_dBD-RjUL
_beng
041 _aeng
082 _a910.41
_bBAR
100 1 _aBassett, Marnie Masson,
_d1889-
_971765
245 1 0 _aRealms and islands:
_bthe world voyage of Rose de Freycinet in the corvette Uranie, 1817-1820,from her journal and letters and the reports of Louis de Saulces de Freycinet, capitaine de corvette /
_cby Marnie Bassett.
260 _aLondon ;
_aNew York :
_bOxford University Press,
_c1962.
300 _a275 p. :
_billus. ;
_c23 cm.
610 2 0 _aUranie (Corvette)
_971772
650 0 _aVoyages around the world
_xHistory
_y19th century.
_971767
700 1 _aFreycinet, Rose Marie Pinon de,
_d1794-1832.
_971768
700 1 _aFreycinet, Louis Claude Desaulses de,
_d1779-1842.
_971769
942 _2ddc
_cBK
999 _c23281
_d23281